| 000 | 00358nam a2200133Ia 4500 | ||
|---|---|---|---|
| 008 | 231017s9999 xx 000 0 und d | ||
| 082 | _a625.84 | ||
| 082 | _bYOU | ||
| 245 | 0 | _aEvaluation of the laboratory asphalt stability test | |
| 245 | 0 | _cUS Department of transportation | |
| 260 | _bUS Department of transportation | ||
| 300 | _c30cm | ||
| 942 | _cREP | ||
| 999 |
_c606097 _d606097 |
||